Home alone characters by picture - Statistics

General Stats
  • This quiz has been taken 1,054 times
  • The average score is 7 of 16
Answer Stats
Picture Answer % Correct
Kevin McCallister
93%
Buzz McCallister
90%
Marv Murchins
72%
Harry Lyme
62%
Frank McCallister
55%
Fuller McCallister
52%
Peter McCallister
38%
Kate McCallister
35%
Mr Duncan
29%
Marley
24%
Linnie McCallister
21%
Megan McCallister
21%
Pigeon lady
21%
Pizza guy
21%
Jeff McCallister
18%
Cedric
16%
No matching quizzes found
Score Distribution
Percent of People with Each Score
Percentile by Number Answered
Your Score History
You have not taken this quiz